00603nam a2200181Ia 4500003000400000008004100004040001600045082001900061100002300080245003300103260004300136300000700179650001000186942001200196999001700208952009800225952009800323GCL140319s9999    xx            000 0 eng d  aGCL / cGCL04aCHb028.5bL B1 aLIBRAIRIE DU LIBAN10aTREES / cLIBRAIRIE DU LIBAN  a[S.N] : bLIBRAIRIE DU LIBAN ، c1991  a3204aTREES  2ddccBK  c17393d17393  00104070aCAIbCAId2014-03-26l0oCH\028.5\L Bp31473r2014-03-26 00:00:00w2014-03-26yBK  00104070aCAIbCAId2014-03-26l0oCH\028.5\L Bp31474r2014-03-26 00:00:00w2014-03-26yBK